Lippincott's Illustrated Reviews: Microbiology (Record no. 158)
[ view plain ]
| 000 -LEADER | |
|---|---|
| fixed length control field | 00512nam a22001457a 4500 |
| 005 - DATE AND TIME OF LATEST TRANSACTION | |
| control field | 20260217084908.0 |
| 008 - FIXED-LENGTH DATA ELEMENTS--GENERAL INFORMATION | |
| fixed length control field | 260217b |||||||| |||| 00| 0 eng d |
| 020 ## - INTERNATIONAL STANDARD BOOK NUMBER | |
| International Standard Book Number | 9781609139995 |
| 100 ## - MAIN ENTRY--PERSONAL NAME | |
| Personal name | Cornelissen Nau Cynthia, Fisher D. Bruce & Harvey A. Richard |
| 245 ## - TITLE STATEMENT | |
| Title | Lippincott's Illustrated Reviews: Microbiology |
| Statement of responsibility, etc. | /Cynthia, Bruce & Richard |
| 250 ## - EDITION STATEMENT | |
| Edition statement | 3rd ed |
| 260 ## - PUBLICATION, DISTRIBUTION, ETC. | |
| Place of publication, distribution, etc. | Philadelphia; |
| Name of publisher, distributor, etc. | Lippincott Williams & Wilkins, a Wolters Kluwer Business; |
| Date of publication, distribution, etc. | 2013 |
| 300 ## - PHYSICAL DESCRIPTION | |
| Extent | x, 438p.ill; |
| Dimensions | 27.5cm |
| 942 ## - ADDED ENTRY ELEMENTS (KOHA) | |
| Source of classification or shelving scheme | Dewey Decimal Classification |
| Koha item type | Books |
| Suppress in OPAC | No |
No items available.
